[Event "Canberra Sunday Summer"]
[Site "Canberra"]
[Date "2021.01.31"]
[Round "4"]
[White "De Noskowski, Adrian"]
[Black "Karthik, Shriya"]
[Result "1/2-1/2"]
[WhiteElo "1813"]
[BlackElo "1213"]
[PlyCount "107"]
[EventDate "2021.01.10"]
[EventType "swiss"]
[EventRounds "7"]
[EventCountry "AUS"]
[SourceTitle "EXT 2022"]
[Source "ChessBase"]
[SourceDate "2021.10.06"]
[SourceVersion "1"]
[SourceVersionDate "2021.10.06"]
[SourceQuality "1"]

1. d4 Nf6 2. c4 g6 3. Nc3 Bg7 4. e4 d6 5. Be2 0-0 6. Bg5 h6 7. Be3 e5 8. d5 Ne8 9. Qd2 Kh7 10. h4 f5 11. f3 f4 12. Bf2 Nf6 13. Bd3 Nbd7 14. Nge2 b6 15. g4 Ng8 16. h5 g5 17. Rc1 a5 18. b3 Qe7 19. Rb1 Bb7 20. a3 Nc5 21. Nc1 Nd7 22. Be2 Ngf6 23. Nd3 Ba6 24. Qc2 Rfb8 25. Nb5 Rc8 26. Kd2 Ne8 27. Ra1 Ndf6 28. Ra2 Qd7 29. Rb1 c6 30. dxc6 Rxc6 31. Qd1 Nc7 32. Nc3 b5 33. Nxb5 Nxb5 34. cxb5 Bxb5 35. Nxf4 Bxe2 36. Nxe2 d5 37. Ke1 d4 38. Nc1 Rac8 39. Nd3 Qe6 40. Rab2 Bf8 41. b4 Rb6 42. Bg3 Nd7 43. Qa4 axb4 44. axb4 Rcb8 45. Rc2 Bd6 46. Ke2 Qe7 47. b5 Nc5 48. Nxc5 Bxc5 49. Qc4 Bd6 50. Qd5 Qb7 51. Qe6 Qg7 52. Qf5+ Kg8 53. Qe6+ Kh7 54. Qf5+ 1/2-1/2

[Event "ACT-ch"]
[Site "Canberra"]
[Date "2017.03.11"]
[Round "4"]
[White "Pearce, Tim"]
[Black "De Noskowski, Adrian"]
[Result "0-1"]
[WhiteElo "1726"]
[BlackElo "1859"]
[PlyCount "68"]
[EventDate "2017.03.10"]
[EventType "swiss"]
[EventRounds "7"]
[EventCountry "AUS"]
[SourceTitle "EXT 2023"]
[Source "ChessBase"]
[SourceDate "2022.10.05"]
[SourceVersion "1"]
[SourceVersionDate "2022.10.05"]
[SourceQuality "1"]

1. d4 g6 2. e4 Bg7 3. c4 c5 4. d5 d6 5. Bd3 Nf6 6. Nc3 a6 7. a4 0-0 8. Nge2 e6 9. f3 exd5 10. cxd5 Nbd7 11. Be3 Ne5 12. Ng3 Bd7 13. 0-0 Qc7 14. Be2 h5 15. h3 Be8 16. f4 Ned7 17. a5 b5 18. axb6 Qxb6 19. Na4 Qb8 20. e5 dxe5 21. Nxc5 exf4 22. Nxd7 Bxd7 23. Bxf4 Qxb2 24. Rb1 Qc3 25. Rb7 h4 26. Rc7 Qb4 27. Bg5 Qb6+ 28. Kh1 Qxc7 29. Bxf6 Qxg3 30. Rf3 Qd6 31. Bxh4 Bb5 32. Bxb5 axb5 33. Bg3 Be5 34. Bxe5 Qxe5 0-1

[Event "ACT-ch"]
[Site "Canberra"]
[Date "2016.02.21"]
[Round "8"]
[White "Yuan, Ziqi"]
[Black "De Noskowski, Adrian"]
[Result "1/2-1/2"]
[WhiteElo "1693"]
[BlackElo "1876"]
[PlyCount "73"]
[EventDate "2016.02.12"]
[EventType "swiss"]
[EventRounds "9"]
[EventCountry "AUS"]
[SourceTitle "CBM 171 Extra"]
[Source "ChessBase"]
[SourceDate "2016.04.26"]
[SourceVersion "1"]
[SourceVersionDate "2016.04.26"]
[SourceQuality "1"]

1. b4 e5 2. Bb2 Bxb4 3. Bxe5 Nf6 4. Nf3 0-0 5. e3 Re8 6. Bb2 d5 7. c4 dxc4 8. Bxc4 Be6 9. Bxe6 Rxe6 10. 0-0 Nc6 11. Nc3 h6 12. Qc2 Nd5 13. a3 Bf8 14. Qb3 Nxc3 15. Bxc3 Rb8 16. Nd4 Nxd4 17. Bxd4 c5 18. Bc3 b5 19. d4 c4 20. Qc2 a5 21. e4 b4 22. d5 Rg6 23. Be5 Rc8 24. f4 Rb6 25. Bd4 Rb7 26. a4 c3 27. Qb3 Bc5 28. Bxc5 Rxc5 29. Rac1 Re7 30. Rfe1 Kh8 31. Kf2 f6 32. Rc2 Qd6 33. Kf3 Re8 34. Rd1 Qe7 35. Re1 Qd6 36. Rd1 Qe7 37. Re1 1/2-1/2

[Event "ACT-ch"]
[Site "Canberra"]
[Date "2016.02.20"]
[Round "7"]
[White "De Noskowski, Adrian"]
[Black "Walker, Joshua"]
[Result "1/2-1/2"]
[WhiteElo "1876"]
[BlackElo "1813"]
[PlyCount "57"]
[EventDate "2016.02.12"]
[EventType "swiss"]
[EventRounds "9"]
[EventCountry "AUS"]
[SourceTitle "CBM 171 Extra"]
[Source "ChessBase"]
[SourceDate "2016.04.26"]
[SourceVersion "1"]
[SourceVersionDate "2016.04.26"]
[SourceQuality "1"]

1. d4 d5 2. c4 c6 3. cxd5 cxd5 4. Nc3 Nf6 5. Nf3 Nc6 6. Bf4 Bf5 7. e3 e6 8. Ne5 Bd6 9. Bb5 Rc8 10. 0-0 0-0 11. Qe2 Qc7 12. Bxc6 bxc6 13. h3 Qb7 14. g4 g5 15. Bxg5 Ne4 16. Bh6 f6 17. gxf5 fxe5 18. Qg4+ Kh8 19. Bxf8 Rxf8 20. Qh4 exf5 21. Nxe4 fxe4 22. Kh1 Qf7 23. Rg1 Qf3+ 24. Rg2 Rg8 25. Rag1 Rxg2 26. Rxg2 Qd1+ 27. Rg1 Qf3+ 28. Rg2 Qd1+ 29. Rg1 1/2-1/2

[Event "ACT-ch"]
[Site "Canberra"]
[Date "2016.02.12"]
[Round "1"]
[White "De Noskowski, Adrian"]
[Black "Diao, Yizhen"]
[Result "1-0"]
[WhiteElo "1876"]
[BlackElo "803"]
[PlyCount "115"]
[EventDate "2016.02.12"]
[EventType "swiss"]
[EventRounds "9"]
[EventCountry "AUS"]
[SourceTitle "CBM 171 Extra"]
[Source "ChessBase"]
[SourceDate "2016.04.26"]
[SourceVersion "1"]
[SourceVersionDate "2016.04.26"]
[SourceQuality "1"]

1. d4 d5 2. c4 e6 3. Nc3 Bb4 4. e3 Nf6 5. Bd3 dxc4 6. Bxc4 Nbd7 7. Nf3 0-0 8. 0-0 b6 9. Qb3 Bxc3 10. bxc3 Bb7 11. Be2 c5 12. Ba3 Rc8 13. Rac1 Re8 14. Rfd1 Qc7 15. Bb2 cxd4 16. cxd4 Qb8 17. a4 Bd5 18. Qa3 Red8 19. Ne1 Nf8 20. Ba6 Bb7 21. Bxb7 Qxb7 22. Nf3 Ng6 23. h3 Nd5 24. Ba1 Qe7 25. Qa2 Rc7 26. e4 Nf6 27. Qb1 Rdc8 28. d5 Rxc1 29. Rxc1 Rxc1+ 30. Qxc1 Nxe4 31. Qc8+ Nf8 32. dxe6 Qxe6 33. Qc2 Nd6 34. Qc7 Qd7 35. Qc3 f6 36. Qc2 Ne6 37. Bb2 Nc5 38. a5 Nde4 39. axb6 axb6 40. Bd4 Qe7 41. Qa2+ Kf8 42. Qa8+ Kf7 43. Qd5+ Qe6 44. Qd8 Qd6 45. Qa8 b5 46. Qa7+ Nd7 47. Qb7 Nd2 48. Be3 Nxf3+ 49. Qxf3 b4 50. Bf4 Qe7 51. Qb3+ Kf8 52. Bd2 Nc5 53. Qxb4 Ne4 54. Qb8+ Kf7 55. Bb4 Qd7 56. Qa8 Nxf2 57. Qa2+ Ke8 58. Qg8# 1-0

[Event "ACT-ch"]
[Site "Canberra"]
[Date "2015.03.07"]
[Round "2"]
[White "De Noskowski, Adrian"]
[Black "Yuan, Ziqi"]
[Result "1-0"]
[WhiteElo "1851"]
[BlackElo "1185"]
[PlyCount "77"]
[EventDate "2015.03.06"]
[EventType "swiss"]
[EventRounds "7"]
[EventCountry "AUS"]
[SourceTitle "CBM 165 Extra"]
[Source "ChessBase"]
[SourceDate "2015.04.21"]
[SourceVersion "1"]
[SourceVersionDate "2015.04.21"]
[SourceQuality "1"]

1. d4 Nf6 2. c4 e5 3. dxe5 Ng4 4. Nf3 Bc5 5. e3 Nc6 6. Be2 Ngxe5 7. Nxe5 Nxe5 8. 0-0 0-0 9. Nc3 d6 10. b3 Bf5 11. Bb2 Re8 12. Na4 Bb6 13. Nxb6 axb6 14. Qd4 Qf6 15. Qd5 Rab8 16. f4 Be6 17. Qd2 Nxc4 18. Bxc4 Qe7 19. Bxe6 Qxe6 20. Rae1 f6 21. e4 Re7 22. e5 dxe5 23. fxe5 f5 24. Rd1 Kf8 25. Qd5 Qg6 26. Ba3 c5 27. Bb2 Re6 28. Qf3 Kg8 29. Qxf5 Qe8 30. Rd2 Ra8 31. a3 Rb8 32. Rfd1 Re7 33. Qg5 Rc8 34. e6 h6 35. Qe5 Kh7 36. Rd7 c4 37. Rxe7 Qxe7 38. Rd7 Qc5+ 39. Qxc5 1-0

[Event "ACT-ch"]
[Site "Canberra"]
[Date "2014.03.30"]
[Round "8"]
[White "De Noskowski, Adrian"]
[Black "Chibnall, Alana"]
[Result "0-1"]
[WhiteElo "1899"]
[BlackElo "1896"]
[PlyCount "58"]
[EventDate "2014.03.21"]
[EventType "swiss"]
[EventRounds "9"]
[EventCountry "AUS"]
[SourceTitle "CBM 159 Extra"]
[Source "ChessBase"]
[SourceDate "2014.04.24"]
[SourceVersion "1"]
[SourceVersionDate "2014.04.24"]
[SourceQuality "1"]

1. d4 f5 2. Nc3 Nf6 3. Bf4 b6 4. e3 Bb7 5. Nf3 e6 6. Bd3 Bb4 7. a3 Bxc3+ 8. bxc3 d6 9. c4 Nbd7 10. h3 0-0 11. Bh2 Qe8 12. 0-0 Qg6 13. Nh4 Qh6 14. Nf3 g5 15. d5 g4 16. Bf4 Qg6 17. hxg4 Nxg4 18. dxe6 Nde5 19. Bg3 Nxf3+ 20. gxf3 Nxe3 21. Qe2 Nxf1 22. Rxf1 Rf6 23. Kg2 Qg5 24. e7 Re8 25. Rh1 f4 26. Bxh7+ Kg7 27. Be4 Bxe4 28. Qxe4 Rg6 29. Qc6 Qxe7 0-1

[Event "ACT-ch"]
[Site "Canberra"]
[Date "2014.03.29"]
[Round "6"]
[White "De Noskowski, Adrian"]
[Black "Braguine, Victor"]
[Result "1-0"]
[WhiteElo "1899"]
[BlackElo "1775"]
[PlyCount "55"]
[EventDate "2014.03.21"]
[EventType "swiss"]
[EventRounds "9"]
[EventCountry "AUS"]
[SourceTitle "CBM 159 Extra"]
[Source "ChessBase"]
[SourceDate "2014.04.24"]
[SourceVersion "1"]
[SourceVersionDate "2014.04.24"]
[SourceQuality "1"]

1. d4 d5 2. c4 c6 3. Nc3 Nf6 4. Nf3 Bf5 5. cxd5 Nxd5 6. Nd2 Nxc3 7. bxc3 Qa5 8. Qb3 b5 9. e4 Bg6 10. Bd3 e6 11. 0-0 Nd7 12. Nf3 a6 13. Qc2 Be7 14. Be3 c5 15. a4 b4 16. cxb4 cxb4 17. Qc6 Ra7 18. Ne5 0-0 19. Nxd7 Rc7 20. Qb6 Qxb6 21. Nxb6 a5 22. Rfc1 Rb7 23. Nc4 Ra8 24. Ne5 b3 25. Rab1 Ba3 26. Rc3 Rab8 27. Nxg6 hxg6 28. Bb5 1-0

[Event "ACT-ch"]
[Site "Canberra"]
[Date "2014.03.23"]
[Round "4"]
[White "De Noskowski, Adrian"]
[Black "Hathiramani, Dillon"]
[Result "1-0"]
[WhiteElo "1899"]
[BlackElo "1459"]
[PlyCount "79"]
[EventDate "2014.03.21"]
[EventType "swiss"]
[EventRounds "9"]
[EventCountry "AUS"]
[SourceTitle "CBM 159 Extra"]
[Source "ChessBase"]
[SourceDate "2014.04.24"]
[SourceVersion "1"]
[SourceVersionDate "2014.04.24"]
[SourceQuality "1"]

1. d4 Nf6 2. c4 g6 3. Nc3 d5 4. Nf3 Bg7 5. Bg5 Ne4 6. Bh4 Nxc3 7. bxc3 c5 8. e3 Nc6 9. Be2 dxc4 10. Bxc4 Bg4 11. Bxf7+ Kf8 12. 0-0 Qd7 13. Bc4 Rc8 14. Be2 cxd4 15. cxd4 Bf5 16. Rc1 h6 17. Bg3 g5 18. Qb3 e6 19. Rfd1 Be4 20. Qa3+ Kg8 21. Qd6 Qxd6 22. Bxd6 Kf7 23. Ne5+ Nxe5 24. dxe5 Kg6 25. f3 Bc6 26. Bc4 Kf7 27. Bb3 Rhd8 28. Rd4 Re8 29. f4 gxf4 30. exf4 Kg6 31. Rc3 Kh7 32. Rg3 a6 33. Bc2+ Kh8 34. Bb3 Kh7 35. Rd2 Bb5 36. Rc2 Bc6 37. Rgc3 Rcd8 38. Rg3 Rc8 39. Rc1 Bh8 40. Bc2+ 1-0

[Event "ACT-ch"]
[Site "Canberra"]
[Date "2014.03.22"]
[Round "2"]
[White "De Noskowski, Adrian"]
[Black "Priest, Stephen"]
[Result "1-0"]
[WhiteElo "1899"]
[BlackElo "1697"]
[PlyCount "54"]
[EventDate "2014.03.21"]
[EventType "swiss"]
[EventRounds "9"]
[EventCountry "AUS"]
[SourceTitle "CBM 159 Extra"]
[Source "ChessBase"]
[SourceDate "2014.04.24"]
[SourceVersion "1"]
[SourceVersionDate "2014.04.24"]
[SourceQuality "1"]

1. d4 Nf6 2. c4 e6 3. Nc3 Bb4 4. e3 b6 5. Nge2 Nc6 6. a3 Be7 7. Ng3 h5 8. Bd3 d5 9. cxd5 exd5 10. Bb5 Bb7 11. 0-0 a6 12. Ba4 b5 13. Bc2 g6 14. b4 h4 15. Nge2 h3 16. g3 Na7 17. Nf4 Nc8 18. Nd3 Nd6 19. Ne5 Nc4 20. f4 Qd6 21. Qf3 Bc8 22. Bd3 c6 23. Qd1 a5 24. Rb1 axb4 25. axb4 Bf5 26. Qc2 Bxd3 27. Qxd3 Kf8 1-0

[Event "ACT-ch"]
[Site "Tuggeranong"]
[Date "2013.02.23"]
[Round "6"]
[White "Sengstock, Steven"]
[Black "De Noskowski, Adrian"]
[Result "1-0"]
[WhiteElo "1879"]
[BlackElo "1907"]
[PlyCount "91"]
[EventDate "2013.02.15"]
[EventType "swiss"]
[EventRounds "9"]
[EventCountry "AUS"]
[SourceTitle "EXT 2015"]
[Source "ChessBase"]
[SourceDate "2014.11.20"]
[SourceVersion "1"]
[SourceVersionDate "2014.11.20"]
[SourceQuality "1"]

1. d4 Nf6 2. c4 g6 3. Nc3 d5 4. cxd5 Nxd5 5. e4 Nxc3 6. bxc3 Bg7 7. Qa4+ Nd7 8. Bg5 0-0 9. Nf3 h6 10. Bh4 c5 11. Rc1 cxd4 12. cxd4 Nf6 13. Bd3 b6 14. 0-0 Bb7 15. Rfe1 a6 16. Bg3 b5 17. Qa3 Rc8 18. Rxc8 Qxc8 19. Rc1 Qa8 20. d5 Re8 21. Rc7 e6 22. Qd6 exd5 23. e5 Re6 24. Qb4 Ne4 25. Bxe4 dxe4 26. Nd4 Bf8 27. Qd2 Re8 28. Qf4 Bd5 29. e6 f5 30. Nxf5 Bxe6 31. Nxh6+ Bxh6 32. Qxh6 Bf7 33. Bh4 Qd5 34. Rc1 Qf5 35. Qe3 Bc4 36. Rd1 Rc8 37. Rd6 a5 38. h3 Rf8 39. Qh6 Be6 40. Bg3 Re8 41. Qe3 Bxa2 42. Qb6 Kf7 43. Qxa5 Bc4 44. Qd2 Re7 45. Bh4 Ra7 46. Rf6+ 1-0

[Event "ACT-ch"]
[Site "Tuggeranong"]
[Date "2013.02.17"]
[Round "5"]
[White "De Noskowski, Adrian"]
[Black "Cunningham, Campbell"]
[Result "1-0"]
[WhiteElo "1907"]
[BlackElo "1126"]
[PlyCount "81"]
[EventDate "2013.02.15"]
[EventType "swiss"]
[EventRounds "9"]
[EventCountry "AUS"]
[SourceTitle "EXT 2015"]
[Source "ChessBase"]
[SourceDate "2014.11.20"]
[SourceVersion "1"]
[SourceVersionDate "2014.11.20"]
[SourceQuality "1"]

1. d4 Nf6 2. c4 e6 3. Nf3 b6 4. g3 Bb7 5. Bg2 c5 6. 0-0 d5 7. Nc3 Be7 8. Bf4 0-0 9. Ne5 Bd6 10. Qd2 Ne4 11. Nxe4 dxe4 12. dxc5 Bxc5 13. Qc2 f5 14. Rad1 Qe7 15. h4 Rd8 16. Rxd8+ Qxd8 17. Rd1 Qe8 18. a3 Nc6 19. b4 Be7 20. Qb3 Rd8 21. e3 h6 22. Rxd8 Qxd8 23. Nxc6 Bxc6 24. b5 Bb7 25. c5 Bd5 26. Qa4 Bxc5 27. Qxa7 Bd6 28. Bxd6 Qxd6 29. Bf1 Qd8 30. Be2 Kf8 31. Bh5 e5 32. Bg6 Be6 33. Kg2 Qd1 34. Qb8+ Ke7 35. Qe8+ Kf6 36. Bh5 Qd7 37. Qg6+ Ke7 38. Qxg7+ Kd6 39. Qxh6 Kc5 40. Qf8+ Kxb5 41. Be8 1-0

[Event "Doeberl Cup Major 47th"]
[Site "Canberra"]
[Date "2009.04.12"]
[Round "6"]
[White "De Noskowski, Adrian"]
[Black "Voon, Richard"]
[Result "0-1"]
[WhiteElo "1695"]
[BlackElo "1888"]
[PlyCount "130"]
[EventDate "2009.04.10"]
[EventType "swiss"]
[EventRounds "6"]
[EventCountry "AUS"]
[SourceTitle "CBM 129 Extra"]
[Source "ChessBase"]
[SourceDate "2009.05.05"]
[SourceVersion "2"]
[SourceVersionDate "2009.05.20"]
[SourceQuality "1"]

1. Nf3 c5 2. g3 d5 3. Bg2 Nc6 4. d4 Bf5 5. 0-0 e6 6. c4 Nf6 7. Qa4 a6 8. Nc3 Be7 9. Be3 Ng4 10. Bf4 0-0 11. h3 Nf6 12. Be3 Nb4 13. Rac1 b5 14. cxb5 axb5 15. Qd1 c4 16. a3 Nc6 17. Nh4 b4 18. Nxf5 exf5 19. axb4 Nxb4 20. Bg5 Ne4 21. Bxe7 Qxe7 22. Kh2 Qd6 23. Na4 Rfe8 24. Bxe4 fxe4 25. Nc5 Ra2 26. b3 cxb3 27. Qxb3 Rb8 28. e3 h5 29. h4 g5 30. Qd1 g4 31. Ra1 Rb2 32. Kg1 Nc6 33. Ra6 R2b6 34. Rxb6 Rxb6 35. Qa4 Rb8 36. Qa6 Qc7 37. Rc1 Rb6 38. Qa8+ Rb8 39. Na6 Nxd4 40. Qxb8+ Qxb8 41. Nxb8 Ne2+ 42. Kf1 Nxc1 43. Nd7 Kg7 44. Nb6 Nd3 45. Nxd5 Kg6 46. Ke2 Kf5 47. Nf4 Nxf4+ 48. exf4 Ke6 49. Ke3 Kd5 50. f5 Ke5 51. f6 Kd5 52. Ke2 Ke6 53. Ke3 Ke5 54. Ke2 Kxf6 55. Kd2 Ke5 56. Ke3 f5 57. Ke2 f4 58. Kd2 fxg3 59. fxg3 Kd4 60. Ke2 e3 61. Ke1 Ke5 62. Kd1 Kd5 63. Ke1 Kd4 64. Kd1 Kd3 65. Ke1 e2 0-1

[Event "Doeberl Cup 46th"]
[Site "Canberra"]
[Date "2008.03.21"]
[Round "3"]
[White "De Noskowski, Adrian"]
[Black "Dilla, Edsil"]
[Result "0-1"]
[WhiteElo "1959"]
[BlackElo "2153"]
[PlyCount "98"]
[EventDate "2008.03.20"]
[EventType "swiss"]
[EventRounds "9"]
[EventCountry "AUS"]
[SourceTitle "CBM 123 Extra"]
[Source "ChessBase"]
[SourceDate "2008.05.06"]
[SourceVersion "1"]
[SourceVersionDate "2008.05.06"]
[SourceQuality "1"]

1. d4 d5 2. c4 c6 3. Nf3 Nf6 4. e3 e6 5. Nc3 Nbd7 6. Qc2 Bd6 7. Be2 0-0 8. 0-0 Re8 9. e4 dxe4 10. Nxe4 Nxe4 11. Qxe4 e5 12. dxe5 Nxe5 13. Nxe5 Rxe5 14. Qc2 Bf5 15. Qd1 Qf6 16. Be3 Qe6 17. Qb3 Re8 18. Bf3 Be4 19. Bf4 Bxf3 20. gxf3 Rh5 21. Bg3 Bxg3 22. fxg3 Qh6 23. Qc2 Rhe5 24. Rf2 Qh3 25. Raf1 h5 26. Rg2 Re3 27. b3 Qe6 28. Qb2 Qf5 29. f4 Qg4 30. Qd4 b6 31. Qd6 R3e6 32. Qd7 R8e7 33. Qd8+ Re8 34. Qc7 Re1 35. Rgf2 h4 36. f5 Rxf1+ 37. Rxf1 Qd4+ 38. Kg2 Re2+ 39. Kh3 Qd2 40. Kxh4 Rxh2+ 41. Kg4 Qh6 42. Qd8+ Kh7 43. Kf3 Qh5+ 44. Kf4 f6 45. Qd3 Qg5+ 46. Ke4 c5 47. Rf4 Qh5 48. a4 Re2+ 49. Kd5 Qe8 0-1

[Event "Doeberl Cup 46th"]
[Site "Canberra"]
[Date "2008.03.20"]
[Round "2"]
[White "Suttor, Vincent"]
[Black "De Noskowski, Adrian"]
[Result "1-0"]
[WhiteElo "2139"]
[BlackElo "1959"]
[PlyCount "77"]
[EventDate "2008.03.20"]
[EventType "swiss"]
[EventRounds "9"]
[EventCountry "AUS"]
[SourceTitle "CBM 123 Extra"]
[Source "ChessBase"]
[SourceDate "2008.05.06"]
[SourceVersion "1"]
[SourceVersionDate "2008.05.06"]
[SourceQuality "1"]

1. d4 Nf6 2. c4 g6 3. Nc3 d5 4. cxd5 Nxd5 5. e4 Nxc3 6. bxc3 Bg7 7. Bc4 c5 8. Ne2 Nc6 9. Be3 0-0 10. h4 cxd4 11. cxd4 Qa5+ 12. Kf1 Bd7 13. h5 Rac8 14. hxg6 hxg6 15. Rb1 Nb4 16. Bb3 Bb5 17. Bd2 Bxe2+ 18. Qxe2 e6 19. Kg1 Qa3 20. Qg4 Rfe8 21. Qh4 Kf8 22. Bxe6 a5 23. Bxc8 Rxc8 24. Rh3 Qxa2 25. Rxb4 Qxd2 26. Rxb7 g5 27. Qg3 Bxd4 28. Qf3 Bxf2+ 29. Kh2 Qd6+ 30. g3 Bxg3+ 31. Rxg3 Rc2+ 32. Kh1 Qh6+ 33. Rh3 Rc1+ 34. Kg2 Rc2+ 35. Kg1 Rc1+ 36. Kf2 Rc2+ 37. Ke1 Qe6 38. Rh8+ Kg7 39. Rxf7+ 1-0

[Event "Belconnen"]
[Site "Belconnen"]
[Date "2006.06.23"]
[Round "7"]
[White "De Noskowski, Adrian"]
[Black "Yuan, Yi"]
[Result "1/2-1/2"]
[WhiteElo "1805"]
[BlackElo "1584"]
[PlyCount "64"]
[EventDate "2006.05.05"]
[EventType "tourn"]
[EventRounds "9"]
[EventCountry "AUS"]
[SourceTitle "EXT 2008"]
[Source "ChessBase"]
[SourceDate "2007.11.25"]
[SourceVersion "1"]
[SourceVersionDate "2007.11.25"]
[SourceQuality "1"]

1. d4 Nf6 2. c4 g6 3. Nc3 Bg7 4. Nf3 0-0 5. Bf4 d6 6. e3 Nfd7 7. h3 e5 8. Bh2 Nc6 9. Be2 f5 10. 0-0 e4 11. Nd2 a6 12. Rb1 Qh4 13. Bg3 Qh6 14. Nd5 g5 15. f4 exf3 16. Bxf3 f4 17. exf4 Bxd4+ 18. Kh1 Nc5 19. fxg5 Qxg5 20. Bf4 Qg7 21. Nb3 Bxb2 22. Nxc5 dxc5 23. Bxc7 Bf5 24. Rxb2 Qxb2 25. Bd6 Rf7 26. Bxc5 Qxa2 27. Nb6 Rd8 28. Bd5 Be6 29. Rxf7 Bxd5 30. Rf8+ Rxf8 31. Qxd5+ Rf7 32. Qg5+ Rg7 1/2-1/2

[Event "Belconnen"]
[Site "Belconnen"]
[Date "2006.05.26"]
[Round "4"]
[White "Guo Yuthok, Sherab"]
[Black "De Noskowski, Adrian"]
[Result "0-1"]
[WhiteElo "1716"]
[BlackElo "1805"]
[PlyCount "46"]
[EventDate "2006.05.05"]
[EventType "tourn"]
[EventRounds "9"]
[EventCountry "AUS"]
[SourceTitle "EXT 2008"]
[Source "ChessBase"]
[SourceDate "2007.11.25"]
[SourceVersion "1"]
[SourceVersionDate "2007.11.25"]
[SourceQuality "1"]

1. e4 c5 2. Nc3 Nc6 3. f4 e6 4. Nf3 a6 5. d3 d5 6. Be2 Nge7 7. 0-0 g6 8. Qe1 Bg7 9. Bd1 b5 10. Nh4 0-0 11. e5 b4 12. Ne2 f6 13. exf6 Bxf6 14. Nf3 e5 15. fxe5 Nxe5 16. Ng3 Nxf3+ 17. Bxf3 Nf5 18. Nxf5 Bxf5 19. g4 Bc8 20. Bh6 Bd4+ 21. Kg2 Re8 22. Qxe8+ Qxe8 23. Bxd5+ Be6 0-1

[Event "Belconnen"]
[Site "Belconnen"]
[Date "2006.05.19"]
[Round "3"]
[White "De Noskowski, Adrian"]
[Black "Reading, Jeremy"]
[Result "1/2-1/2"]
[WhiteElo "1805"]
[BlackElo "1764"]
[PlyCount "74"]
[EventDate "2006.05.05"]
[EventType "tourn"]
[EventRounds "9"]
[EventCountry "AUS"]
[SourceTitle "EXT 2008"]
[Source "ChessBase"]
[SourceDate "2007.11.25"]
[SourceVersion "1"]
[SourceVersionDate "2007.11.25"]
[SourceQuality "1"]

1. d4 g6 2. e4 c6 3. Nc3 d6 4. Be3 Bg7 5. Qd2 b5 6. Bd3 a6 7. h3 Nd7 8. Nf3 Nb6 9. 0-0 Nc4 10. Bxc4 bxc4 11. d5 c5 12. Qe2 Qb6 13. Rab1 Bd7 14. Qxc4 Bb5 15. Nxb5 axb5 16. Qe2 Qb7 17. a3 Nf6 18. Bf4 Nd7 19. Rfd1 0-0 20. Qe3 Nb6 21. Bh6 Nc4 22. Qc1 Rfb8 23. Bxg7 Kxg7 24. Qf4 f6 25. Qg3 b4 26. axb4 Qxb4 27. c3 Qb3 28. Nd2 Nxd2 29. Rxd2 Qa2 30. Qd3 Rb3 31. f4 Rab8 32. e5 Rxb2 33. exf6+ exf6 34. Rdxb2 Rxb2 35. Rxb2 Qxb2 36. Qe3 Kf8 37. Kh2 Qb7 1/2-1/2

[Event "Doeberl Cup Major 43rd"]
[Site "Canberra"]
[Date "2005.03.25"]
[Round "2"]
[White "De Noskowski, Adrian"]
[Black "Yu, Derek"]
[Result "1-0"]
[WhiteElo "1799"]
[BlackElo "1405"]
[PlyCount "39"]
[EventDate "2005.03.25"]
[EventType "swiss"]
[EventRounds "7"]
[EventCountry "AUS"]
[SourceTitle "EXT 2009"]
[Source "ChessBase"]
[SourceDate "2008.11.26"]
[SourceVersion "1"]
[SourceVersionDate "2008.11.26"]
[SourceQuality "1"]

1. d4 d5 2. c4 c6 3. Nf3 Nf6 4. e3 Bf5 5. Nc3 e6 6. Nh4 Bg6 7. Nxg6 hxg6 8. Be2 Bd6 9. h3 Nbd7 10. Qb3 b6 11. Bd2 Qc7 12. Rc1 Rb8 13. cxd5 exd5 14. Bf3 Qb7 15. 0-0 g5 16. Rfe1 Nf8 17. e4 dxe4 18. Nxe4 Nxe4 19. Bxe4 Kd8 20. Bxc6 1-0

[Event "ACT-ch"]
[Site "Canberra"]
[Date "2004.09.08"]
[Round "8"]
[White "Petersons, Haralds"]
[Black "De Noskowski, Adrian"]
[Result "1/2-1/2"]
[WhiteElo "1668"]
[BlackElo "1878"]
[PlyCount "83"]
[EventDate "2004.07.??"]
[EventType "swiss"]
[EventRounds "11"]
[EventCountry "AUS"]
[SourceTitle "EXT 2006"]
[Source "ChessBase"]
[SourceDate "2005.11.24"]
[SourceVersion "1"]
[SourceVersionDate "2005.11.24"]
[SourceQuality "1"]

1. e4 e6 2. d4 d5 3. Nd2 c5 4. Ngf3 cxd4 5. exd5 Qxd5 6. Bc4 Qd6 7. 0-0 Nf6 8. Nb3 Nc6 9. Nbxd4 Nxd4 10. Qxd4 a6 11. Bg5 Qxd4 12. Nxd4 b5 13. Bb3 Bb7 14. c4 Bc5 15. Rad1 0-0-0 16. Nf3 Rxd1 17. Rxd1 Rd8 18. Rxd8+ Kxd8 19. Ne5 bxc4 20. Bxc4 Ke8 21. Bb3 Bxf2+ 22. Kf1 Bd4 23. Ba4+ Kf8 24. Bxf6 gxf6 25. Nc4 Be4 26. b3 Bd3+ 27. Ke1 Bc3+ 28. Kf2 Ke7 29. Ke3 Bb1 30. a3 e5 31. b4 Bd4+ 32. Kf3 Ba2 33. Ne3 Bb2 34. b5 axb5 35. Bxb5 Bxa3 36. Bd3 h6 37. Nf5+ Ke6 38. Nxh6 Bb3 39. Bf5+ Kd6 40. h4 Be6 41. Be4 Bc1 42. Nf5+ 1/2-1/2